00434nam a2200157Ia 4500008004100000020001400041082001400055100002200069245004100091250000800132260004600140300002900186500001900215600002700234650001500261240925s9999 xx 000 0 und d a831709299 a621.3 TOR aToro, Vincent Del 0aElectrical Engineering Fundamentals  a2nd aNew Delhi:bPearson Printice Hallc,2007. axvi,281p.bNAfPhotocopy aIncludes Index aElectrical Engineering aTechnology